000 00801nam a22002297a 4500
999 _c14389
_d14389
003 AR-CdUCM
008 190423b ||||| |||| 00| 0 spa d
020 _a978-1.4748-1168-2
040 _aMUNICIPALIDAD PROVINCIAL DEL CUSCO
_cBIBLIOTECA MUNICIPAL DEL CUSCO
082 _aPI / 612 /
_bP26
100 _aClaybourne, Anna
_933141
245 _aViaje al interior y alrededor de su asombroso cuerpo /
260 _aUSA :
_bParragon,
_c2015.
300 _a128 páginas ;
_bIlustraciones,
_c25 cm.
505 _aContenido: ADN -- Alimentos -- Articulaciones -- Bacterias -- Boca -- Cabello...
650 _aPrimera infancia
_924660
650 _aInicial
_927167
650 _aCuerpo humano para niños
_933142
710 _aDiverdidáctica
_933143
942 _2ddc
_cLIBROS
945 _adavv
_d23/04/2019